000 00483nam a2200181Ia 4500
005 20250326125816.0
008 250326s9999 xx 000 0 und d
037 _aTextbook
040 _aFMSL
_beng
_cFMSL
041 _aeng
_2eng
084 _aX:71 N2
_qFMSL
100 _aChamberlain N W
_9127068
245 0 _aFirm microeconomic planning
_cChamberlain N W
260 _aNY
_bNY, M G H
_c1962
300 _a428p
942 _cTB
_hX:71 N2
999 _c1279673
_d1279673